| 000 | 00878nas a2200265 4500 | ||
|---|---|---|---|
| 001 | BR0801098 | ||
| 003 | BR-BrBNA | ||
| 005 | 20231205111634.0 | ||
| 007 | ta | ||
| 008 | 230509b bl.|||p| |||| 00| 00por d | ||
| 040 |
_aBR-BrBNA _bpor _cBiblioteca Nacional de Agricultura |
||
| 041 | _a(En) | ||
| 072 | _aL72 | ||
| 100 | 1 | _aVicente, J.J. | |
| 100 | 1 | _aVircibradic, D. | |
| 100 | 1 | _aRocha, C.F.D. | |
| 100 | 1 | _aPinto, R.M. | |
| 245 | 1 | _aDescription of Skrjabinodon spinosulus sp. n. (Nematoda, Oxyurodea, Pharyngonidae)from Brazilian lizard Mabuya dorsivittata Cope, 1862 (Scincidae) | |
| 650 | _aPARASITO DE ANIMAL | ||
| 650 | _aRÉPTIL | ||
| 650 | _aDISTRIBUIÇÃO GEOGRÁFICA | ||
| 773 | 0 |
_tRevista Brasileira de Zoologia (Brazil) _xISSN 0101-8175 _g(Mar 2002), v. 19(1) p. 157-162 _wBR0801098 |
|
| 909 |
_a202311 _bLúcia _c55 _dLúcia Elande |
||
| 942 |
_2AGRIS _n0 _cANA |
||
| 999 |
_c193688 _d193688 |
||